|
|
|
|
| LEADER |
01554nam a2200373 a 4500 |
| 001 |
EBC3012360 |
| 003 |
MiAaPQ |
| 005 |
20200520144314.0 |
| 006 |
m o d | |
| 007 |
cr cn||||||||| |
| 008 |
081023s2005 sz s 100 0 spa d |
| 020 |
|
|
|z 9789223153731
|
| 020 |
|
|
|z 9789223176655
|
| 020 |
|
|
|z 9223153735
|
| 035 |
|
|
|a (MiAaPQ)EBC3012360
|
| 035 |
|
|
|a (Au-PeEL)EBL3012360
|
| 035 |
|
|
|a (CaPaEBR)ebr10210056
|
| 035 |
|
|
|a (CaONFJC)MIL19481
|
| 035 |
|
|
|a (OCoLC)927198948
|
| 040 |
|
|
|a MiAaPQ
|c MiAaPQ
|d MiAaPQ
|
| 050 |
|
4 |
|a HD6270
|b .I5818 2005
|
| 111 |
2 |
|
|a International Labour Conference
|n (93rd :
|d 2005 :
|c Geneva, Switzerland)
|
| 245 |
1 |
3 |
|a El empleo de los jovenes
|h [electronic resource] :
|b vias para acceder a un trabajo decente : promocion del empleo de los jovenes : abordar el desafio /
|c Conferencia Internacional del Trabajo, 93.a reunion, 2005.
|
| 260 |
|
|
|a Ginebra :
|b Oficina Internacional del Trabajo,
|c 2005.
|
| 300 |
|
|
|a 108 p.
|
| 490 |
1 |
|
|a Informe,
|x 0251-3226 ;
|v 6
|
| 500 |
|
|
|a "Sexto punto del orden del dia."
|
| 533 |
|
|
|a Electronic reproduction. Ann Arbor, MI : ProQuest, 2015. Available via World Wide Web. Access may be limited to ProQuest affiliated libraries.
|
| 650 |
|
0 |
|a Youth
|x Employment
|v Congresses.
|
| 650 |
|
0 |
|a Labor laws and legislation, International
|v Congresses.
|
| 655 |
|
4 |
|a Electronic books.
|
| 710 |
2 |
|
|a ProQuest (Firm)
|
| 830 |
|
0 |
|a Report (International Labour Conference) ;
|v 6.
|
| 856 |
4 |
0 |
|u https://ebookcentral.proquest.com/lib/matrademy/detail.action?docID=3012360
|z Click to View
|